Postupy pri transformácii nadácie

Výklad zákona č. 207/1996 Z. z. o nadáciách. Postup existujúcich nadácií pri zmene na novú právnu formu. Možnosti a postup nadácií v prechodnom období. Príklad postupu premeny nadácie na občianske združenie.

Gespeichert in:
Bibliographische Detailangaben
1. Verfasser: Ukrop, Milan
Format: Buchkapitel
Sprache:Slowakisch
Schlagworte:
Tags: Tag hinzufügen
Keine Tags, Fügen Sie das erste Tag hinzu!

MARC

LEADER 00000naa a2200000 4500
001 r025904
005 20230824090357.7
041 0 |a slo 
044 |a SK 
245 1 0 |a Postupy pri transformácii nadácie  |c Milan Ukrop 
520 |a Výklad zákona č. 207/1996 Z. z. o nadáciách. Postup existujúcich nadácií pri zmene na novú právnu formu. Možnosti a postup nadácií v prechodnom období. Príklad postupu premeny nadácie na občianske združenie. 
610 2 0 |a Slovensko 
610 2 0 |a 1996 
610 2 0 |a 1997 
610 2 0 |a nadácie 
610 2 0 |a zákony 
610 2 0 |a združenia občianske 
100 1 |a Ukrop, Milan